000 06231nam a22009497a 4500
003 AR-RoUNA
005 20260611111158.0
008 260605b |||||||| |||| 00| 0 spa d
040 _aAR-RoUNA
_bspa
_dAR-RoUNA
041 _aspa
044 _aag
100 _96317
_aEzquiaga Dominguez, Jose Maria
245 1 0 _aProyecto de Ley de Medidas de Politica Territorial, suelo y urbanismo de la comuidad de Madrid
_c / Textos de José María Ezquiaga, Carmen Casanova y Javier Echenagusia, con la colaboración de Serafín Sardina y Yoanna Calachi.
260 _aMadrid:
_bDirección General de planificación Urbanística y Concertación. Conserjería de Política Territorial,
_c1994.
300 _a63.:
_bDiagrs.
_c30x24 cm.
505 0 _tINDICE
505 0 _aActualidad de la Ley de Medidas. p. 4
505 0 _aUna Política Territorial para los noventa. p. 5
505 0 _a La concertación interadministrativa y el consenso social. p. 7
505 0 _aNuevos instrumentos de Política Territorial. p. 9
505 0 _aLas actuaciones de Interés Regional. p. 12
505 0 _a El Planeamiento Urbanístico. p. 16
505 0 _aRégimen jurídico del Suelo no Urbanizable. p. 18
505 0 _aIntervención pública en el mercado de suelo. p. 24
505 0 _aLa agilización de la gestión urbanística. p. 28
505 0 _a Medidas para el incremento de la eficacia administrativa. p. 34
505 0 _tARTICULADO DEL PROYECTO DE LEY
505 0 _aExposición de motivos. p. 36
505 0 _tTítulo I. Disposiciones Generales. p. 40
505 0 _t Título II. Concertación en la gestión de los intereses públicos con relevancia territorial. p. 41
505 0 _aCapitulo 1. Concertación interadministrativa. p. 41
505 0 _aCapítulo 2. Concertación social. p. 41
505 0 _tTítulo III. Ordenación del Territorio y Planes que la definen. p. 41
505 0 _tTítulo IV. Actuaciones de Interés Regional. p. 43
505 0 _aCapítulo 1. Disposiciones generales,o 43
505 0 _aCapítulo 2. Zonas de Interés Regional. p. 43
505 0 _aSección 1. Disposiciones generales. p. 43
505 0 _a Sección 2. Zonas de Interés Regional de Actuación Inmediata. p. 44
505 0 _aSección 3. Zonas de Interés Regional de Actuación diferida. p.45
505 0 _aCapítulo 3. Proyectos de Alcance Regional. p. 45
505 0 _tTítulo V. Planeamiento Urbanístico. p. 47
505 0 _aCapítulo 1. Aprovechamiento Tipo. p. 47
505 0 _aCapítulo 2. Revisión y modificación de los planes Territoriales y Urbanísticos. p. 47
505 0 _aCapítulo 3. Agilización del planeamiento y del control del cumplimiento de la ordenación urbanística. p. 48
505 0 _tTítulo VI. Régimen urbanístico del Suelo No Urbanizable y Urbanizable No programado. p. 49
505 0 _aCapítulo 1. Disposiciones Generales. p. 49
505 0 _aCapítulo 2. Régimen de autorización y ejecución de obras, construcciones e instalaciones. p. 50
505 0 _aSección 1. Obras, construcciones e instalaciones con cualquiera de los objetos previstos en las letras a y b del art. 53. p. 51
505 0 _aSección 2. Obras, construcciones e instalaciones con cualquiera de los objetos previstos en las letras c y f del número 1 del art. 53. p. 51
505 0 _aSección 3. Obras, construcciones e instalaciones previstas en la letra d del artículo 53. p. 52
505 0 _aSección 4. Obras, construcciones e instalaciones previstas en la letra e del artículo 53. p. 52
505 0 _tTítulo VII. Gestión Urbanística
505 0 _aCapítulo 1. Disposiciones generales. p. 53
505 0 _a Capítulo 2. Convenios Urbanísticas. p. 54
505 0 _a Capítulo 3. Los Consorcios y las Sociedades Urbananísticas. p. 54
505 0 _aCapítulo 4. Ejecución del planeamiento urbanístico. p. 55
505 0 _aSección 1. Disposiciones generales. p. 55
505 0 _aSección 2. Sistema de Expropiación. p. 56
505 0 _a Sección 3. Sistema de Ejecución Forzada. p. 57
505 0 _aCapítulo 5. Programas de Rehabilitación Concertada de áreas urbanas. p. 58
505 0 _tTítulo VIII. Expropiación Forzosa. p. 59
505 0 _a Capítulo 1. Expropiación forzosa por razón de urbanismo. p. 59
505 0 _aCapítulo 2.Jurado Territorial de expropiación Forzosa. p. 59
505 0 _tTítulo IX. Intervención Publica en el mercado inmobiliario y en la vivienda. p. 60
505 0 _a Capítulo 1. Derechos de tanteo y retracto sobre suelo y edificaciones. p. 60
505 0 _a Capítulo 2. Suelo para viviendas sujetas a algún régimen de protección pública. p. 61
505 0 _aCapítulo 3. Los patrimonios públicos de suelo. p.61
505 0 _tTítulo X. Medida para el incremento de la eficacia de la actividad urbanística. p. 62
505 0 _aDisposiciones adicionales p. 62
505 0 _a Disposiciones transitoria. p. 63
505 0 _a Disposiciones finales. p. 63
520 3 _aEl libro trata del crecimiento en Madrid generó oportunidades económicas, pero también desequilibrios territoriales y urbanos. La nueva ley intenta corregir esos problemas mediante una planificación más coordinada, flexible y eficiente del territorio. El documento señala que durante los años 80 Madrid experimentó un fuerte crecimiento económico y urbano, consolidándose como uno de los principales centros financieros y de servicios de España. Sin embargo, este crecimiento también generó problemas importantes: -Aumento del precio del suelo y la vivienda. -Expansión urbana desordenada. -Mayor dependencia del automóvil. -Congestión del tránsito, contaminación y ruido. -Desequilibrios entre distintas zonas de la región. -Aparición de áreas con deterioro urbano y social.
650 4 _aUrbanismo
700 1 _aCasanova, Carmen
_927766
700 1 _aEchenagusia, Javier
_927767
700 1 _aSardina, Serafín
_eclb
_927768
700 1 _aCalachi, Yoanna
_eclb
_927769
908 _aImp
942 _2udc
_cLIB
945 _d2026-06-05
980 _65
_aMaría Machado
_8138
_gCarolina Rainero
999 _c12457
_d12457